Memories of some luminaries & other poems / (Record no. 24802)

MARC details
000 -LEADER
fixed length control field 00754nam a22002057a 4500
008 - FIXED-LENGTH DATA ELEMENTS--GENERAL INFORMATION
fixed length control field 090304t xxu||||| |||| 00| 0 eng d
010 ## - LCCN (DPL NO)
LC control number B-317531
020 ## - INTERNATIONAL STANDARD BOOK NUMBER
Terms of availability 80.00
035 ## - SYSTEM CONTROL NUMBER
System control number B-317531
040 ## - CATALOGING SOURCE
Original cataloging agency DPL
Language of cataloging English
082 ## - DEWEY DECIMAL CLASSIFICATION NUMBER
Classification number 893.1
100 ## - MAIN ENTRY--PERSONAL NAME
Personal name Patra, Ragunath
245 ## - TITLE STATEMENT
Title Memories of some luminaries & other poems /
Statement of responsibility, etc by Raghunath Patra
260 ## - PUBLICATION, DISTRIBUTION, ETC. (IMPRINT)
Place of publication, distribution, etc Cuttak
Name of publisher, distributor, etc Guruprasad Patra
Date of publication, distribution, etc 2007
270 ## - ADDRESS
Address Kajidiha, Madhupatna,
City Cuttak
Postal code 753010
300 ## - PHYSICAL DESCRIPTION
Extent v, 148 p.
Dimensions 21 cm. (Hb)
650 ## - SUBJECT ADDED ENTRY--TOPICAL TERM
Topical term or geographic name as entry element English Literature
942 ## - ADDED ENTRY ELEMENTS (KOHA)
Source of classification or shelving scheme Dewey Decimal Classification
Item type English Books
Classification part 893.1
Call number suffix PAT
Holdings
Withdrawn status Lost status Source of classification or shelving scheme Damaged status Not for loan Collection code Home library Current library Date acquired Source of acquisition Cost, normal purchase price Total Checkouts Full call number Barcode Date last seen Copy number Cost, replacement price Koha item type
    Dewey Decimal Classification     Fiction Vinoba Puri Vinoba Puri 04/03/2009 DBAct. 80.00 1 893.1 PAT B-317531 26/11/2010 1 80.00 English Books

© Delhi Public Library
Hit Counter
free hit counter